Т. 1: Основы химии и физики полимеров; Химия и технология полимеров

書目詳細資料
Parent link:Химия и технология полимеров: пер. с нем./ Р. Хувинк, А. Ставерман; под ред. М. М. Котона. Т. 1: Основы химии и физики полимеров.— , 1965-
語言:俄语
出版: 1965
主題:
格式: 圖書
KOHA link:https://koha.lib.tpu.ru/cgi-bin/koha/opac-detail.pl?biblionumber=46918

MARC

LEADER 00000nam2a2200000 4500
001 46918
005 20231031025238.0
035 |a (RuTPU)RU\TPU\book\48989 
090 |a 46918 
100 |a 20030129d1965 k y0rusy50 ca 
101 1 |a rus 
102 |a RU 
105 |a a z 001zy 
200 0 |a Т. 1: Основы химии и физики полимеров 
210 |d 1965 
215 |a 675 с.  |c ил. 
320 |a Библиогр. в конце глав и разделов. 
461 1 |0 (RuTPU)RU\TPU\book\48979  |t Химия и технология полимеров  |o пер. с нем.  |f Р. Хувинк, А. Ставерман  |g под ред. М. М. Котона  |v Т. 1: Основы химии и физики полимеров  |d 1965- 
610 1 |a химия 
610 1 |a технология 
610 1 |a полимеры 
610 1 |a органическая химия 
610 1 |a кинетика 
610 1 |a высокомолекулярные соединения 
610 1 |a молекулярный вес 
610 1 |a рентгенографические исследования 
610 1 |a инфракрасная спектроскопия 
610 1 |a электрофизика 
675 |a 678  |v 3 
675 |a 679.56  |v 3 
801 1 |a RU  |b 63413507  |c 20030129  |g PSBO 
801 2 |a RU  |b 63413507  |c 20130719  |g PSBO 
942 |c BK